| 000 | 00798nam a22002297a 4500 | ||
|---|---|---|---|
| 003 | OSt | ||
| 005 | 20251117153022.0 | ||
| 008 | 251117b |||||||| |||| 00| 0 eng d | ||
| 020 | _a978-971-550-536-9. | ||
| 040 |
_aDWCL-Main lib _cOC |
||
| 082 | _aSC. 658.3 L434 2008 | ||
| 100 | _aHechanova, MA. Regina | ||
| 245 |
_aLeading Philippine organizations in a changing world : _bresearch and best practices/ _cHechanova, MA. Regina |
||
| 260 |
_aQuezon City : _bADMU Press, _cc2008. |
||
| 300 |
_axii, 222 p. : _bill. ; _c23 cm. Series |
||
| 504 | _aIncludes bibliographical references and index. | ||
| 650 | _aLeadership-Philippines. | ||
| 650 | _aPersonnel management-Philippines. | ||
| 650 | _aPersonnel management-Research-Philippines. | ||
| 700 | _aFranco, Edna P. | ||
| 942 |
_2ddc _cSC _kSC _n0 |
||
| 999 |
_c5728 _d5728 |
||